000 00449nam a2200169 a 4500
005 20140412111429.0
008 090226s19uu xx 00 eng d
020 _a0-439-57462-5
050 _aTR(PS E
_bOn2 2003
100 _aMcNamara, Margaret
245 _aOne Hundred days plus one /
_cMargaret McNamara.
260 _aU.S.A :
_bScholastic,
_c2003.
300 _a32p.
440 _aRobin Hill School
650 _aCounting
999 _c106314
_d106314